Sneham Kamam Bhranthu_Malayalam (Record no. 38094)
[ view plain ]
| 000 -LEADER | |
|---|---|
| fixed length control field | 01848nam a22001937a 4500 |
| 020 ## - INTERNATIONAL STANDARD BOOK NUMBER | |
| ISBN | 9789356433496 |
| 082 ## - DEWEY DECIMAL CLASSIFICATION NUMBER | |
| Classification number | 920 JOS |
| 100 ## - MAIN ENTRY--AUTHOR NAME | |
| Personal name | Joseph Annamkutty Jose |
| 245 ## - TITLE STATEMENT | |
| Title | Sneham Kamam Bhranthu_Malayalam |
| 250 ## - EDITION STATEMENT | |
| Edition statement | 1 |
| 260 ## - PUBLICATION, DISTRIBUTION, ETC. (IMPRINT) | |
| Name of publisher | DC Books |
| Place of publication | Kottayam |
| Year of publication | 2025 |
| 300 ## - PHYSICAL DESCRIPTION | |
| Number of Pages | Number of pages : 296 |
| 500 ## - GENERAL NOTE | |
| General note | Category : Short Stories, Articles & Jottings |
| 520 ## - SUMMARY, ETC. | |
| Summary, etc | เดเตเดฐเตเดเตเดเดฟเดฏเดเดพเดฒเดเดเตเดฃเตเดเต เดเดฐเตเดฒเดเตเดทเดคเตเดคเดฟเดฒเดงเดฟเดเด เดเตเดชเตเดชเดฟเดเตพ เดตเดฟเดฑเตเดฑเดดเดฟเดเตเด เดฆเตเดตเดคเตเดคเดฟเดจเตเดฑเต เดเดพเดฐเดจเตเดฎเดพเตผ เดเดจเตเดจ เดชเตเดธเตเดคเดเดคเตเดคเดฟเดจเต เดถเตเดทเด เดเตเดธเดซเต เด เดจเตเดจเดเดเตเดเตเดเดฟ เดเตเดธเดฟเดจเตเดฑเต เดเดฑเตเดฑเดตเตเด เดชเตเดคเดฟเดฏ เดชเตเดธเตเดคเดเด. เดเดณเตเดณเดฟเตฝ เดชเดฟเดฑเดตเดฟเดฏเตเดเตเดคเตเดค เดเดถเดฏเดเตเดเดณเต เดชเดเตเดเดฏเดพเดฏเดฟ เด เดตเดคเดฐเดฟเดชเตเดชเดฟเดเตเดเตเดจเตเดจ เด เดชเตเดธเตเดคเดเดคเตเดคเดฟเดฒเต เดเดฐเต เดเดฅเดเดณเดฟเดฒเตเดฏเตเด เดเดฅเดพเดชเดพเดคเตเดฐเดเตเดเตพ เดจเดฎเตเดเตเดเตเดณเตเดณเดฟเดฒเตเดณเดณเดตเดฐเดพเดเดพเด, เดจเดฎเตเดเตเดเต เดชเตเดฐเดฟเดฏเดชเตเดชเตเดเตเดเดตเดฐเดพเดเดพเด. เดเดคเดฟเดฒเต เดเดฟเดฒ เดเดฅเดพเดชเดพเดคเตเดฐเดเตเดเดณเต เดจเดฟเดเตเดเตพ เดจเตเดเตเดเตเดเต เดเตเตผเดคเตเดคเตเดเตเดเดพเด, เดเดฟเดฒเตผ เดจเดฟเดเตเดเดณเดฟเดฒเต เดญเตเดฐเดพเดจเตเดคเดฟเดจเต เดเตเดเตเดเดพเดฏเดฟ เดฎเดพเดฑเดฟเดฏเตเดเตเดเดพเด, เดเดฟเดฒเดฐเตเดเต เดชเดพเดฆเดเตเดเดณเดฟเตฝ เดตเตเดฃเต เดจเดฎเดธเตโเดเดฐเดฟเดเตเดเตเดเตเดเดพเด, เดฎเดฑเตเดฑเต เดเดฟเดฒเดฐเต เดจเดฟเดเตเดเตพเดเตเดเต เดฎเดจเดธเตเดธเดฟเดฒเดพเดเดพเดคเต เดชเตเดฏเตเดเตเดเดพเด. |
| 546 ## - LANGUAGE NOTE | |
| Language note | Language : Malayalam |
| 650 ## - SUBJECT ADDED ENTRY--TOPICAL TERM | |
| Topical Term | GEN |
| 942 ## - ADDED ENTRY ELEMENTS (KOHA) | |
| Koha item type | Text Book |
| 952 ## - LOCATION AND ITEM INFORMATION (KOHA) | |
| Damaged status | |
| Not for loan | |
| 952 ## - LOCATION AND ITEM INFORMATION (KOHA) | |
| Damaged status | |
| Not for loan | |
| Withdrawn status | Collection code | Permanent Location | Current Location | Date acquired | Source of acquisition | Cost, normal purchase price | Inventory number | Full call number | Accession Number | Price effective from | Koha item type |
|---|---|---|---|---|---|---|---|---|---|---|---|
| GENERAL | VAST Central Library | VAST Central Library | 25/11/2025 | DC Bookshop,Thrissur | 350.00 | 000729 | 920 JOS | 38232 | 18/12/2025 | Text Book | |
| GENERAL | VAST Central Library | VAST Central Library | 25/11/2025 | DC Bookshop,Thrissur | 350.00 | 000729 | 920 JOS | 38233 | 18/12/2025 | Text Book |